000 00246 a2200109 4500
001 68545
040 _cAnchieta - Itaigara
240 1 0 _aA família sol, lá, si
_l
245 1 0 _aA família sol, lá, si
650 4 _aLiteratura infantil
942 _cMU
999 _c68545
_d68545